[Event "Paul Keres Mem GMB"]
[Site "Tallinn EST"]
[Date "2008.01.11"]
[Round "8"]
[White "Piarnpuu,L"]
[Black "Gaponenko,I"]
[Result "0-1"]
[WhiteElo "2137"]
[BlackElo "2422"]

1.Nf3 Nf6 2.c4 g6 3.g3 Bg7 4.Bg2 O-O 5.O-O d6 6.d4 Nc6 7.Nc3 a6 8.h3 Bd7
9.e4 Qc8 10.Kh2 Rb8 11.a4 e5 12.Be3 exd4 13.Nxd4 Ne5 14.Qe2 c5 15.Nf3 Nxf3+
16.Qxf3 Bc6 17.Bf4 Qe6 18.Qd3 Rbd8 19.Rfe1 Rfe8 20.Nd5 Bxd5 21.cxd5 Qd7 22.a5 Qc7
23.Qc2 Nd7 24.Bd2 c4 25.Ra4 Rc8 26.Rc1 Ne5 27.f4 Nd3 28.Rxc4 Qxc4 29.Qxc4 Rxc4
30.Rxc4 Bxb2 31.Rc7 f5 32.e5 dxe5 33.d6 e4 34.Rxb7 Bd4 35.Bf1 Rd8 36.d7 Kf7
37.Kg2 Ke6 38.Bxd3 exd3 39.Rb3 Rxd7 40.Rxd3 Bc5 41.Rxd7 Kxd7 42.Kf3 Kc6 43.Ke2 Kb5
44.Kd3 Bb4 45.Bc1 Kc6 46.g4 Kd5 47.gxf5 gxf5 48.Bb2 Bxa5 49.Ba3 Bb6  0-1

[Event "6th Parsvnath Open"]
[Site "New Delhi IND"]
[Date "2008.01.13"]
[Round "1"]
[White "Dhara,G"]
[Black "Kamble,V"]
[Result "1-0"]
[WhiteElo "1858"]
[BlackElo "2387"]

1.Nf3 Nf6 2.c4 g6 3.g3 Bg7 4.Bg2 O-O 5.O-O d6 6.Nc3 e5 7.d3 Nc6 8.Bd2 Bg4
9.h3 Be6 10.Qc1 Nh5 11.Bh6 f5 12.Bxg7 Kxg7 13.Rb1 h6 14.b4 Nf6 15.Nd2 Qd7
16.b5 Nd8 17.Kh2 h5 18.Nf3 Nf7 19.d4 e4 20.d5 Bxd5 21.Nxd5 Nxd5 22.cxd5 exf3
23.Bxf3 h4 24.gxh4 Rh8 25.h5 Ne5 26.Qc3 g5 27.Rg1 Kf6 28.e3 Rag8 29.Be2 g4
30.f4 gxf3 31.Bxf3 Ke7 32.Be2 Kd8 33.Rxg8+ Rxg8 34.Qe1 Qf7 35.Qh4+ Ke8 36.Rd1 Qg7
37.Qf2 Nf7 38.Rg1 Qe5+ 39.Qf4 Rxg1 40.Kxg1 Qxd5 41.h6 Kf8 42.a4 Qe5 43.Bc4 Qxf4
44.exf4 Nxh6 45.Bd5 b6 46.Kf2 Ng8 47.Bxg8 Kxg8 48.Ke3 Kf7 49.Kd4 Kg6 50.Kd5 Kf6
51.h4 Kf7 52.h5 Kf6 53.h6 Kg6 54.Ke6 Kxh6 55.Kxf5 Kg7 56.Ke6 Kf8 57.f5 Ke8
58.f6 Kf8 59.f7 d5 60.Kxd5 Kxf7 61.Kc6 Ke6 62.Kxc7 Kd5 63.Kb7 Kc5 64.Kxa7 Kb4
65.Kxb6  1-0

[Event "FINEC GMA"]
[Site "St Petersburg RUS"]
[Date "2008.01.24"]
[Round "1"]
[White "Matlakov,M"]
[Black "Sjugirov,S"]
[Result "1-0"]
[WhiteElo "2441"]
[BlackElo "2491"]

1.Nf3 Nf6 2.c4 g6 3.g3 Bg7 4.Bg2 O-O 5.O-O d6 6.d4 Nbd7 7.Nc3 e5 8.e4 a6
9.dxe5 dxe5 10.b4 b5 11.a4 Bb7 12.Nd2 Qe7 13.c5 a5 14.Ba3 axb4 15.Bxb4 bxa4
16.Nd5 Nxd5 17.exd5 e4 18.Rb1 Bxd5 19.c6 Qe5 20.cxd7 Rfd8 21.Ba3 Rxd7 22.Nxe4 Rdd8
23.Qc2 Bb3 24.Qc6 Rab8 25.Rbc1 Rbc8 26.Rfe1 Qf5 27.Be7 Re8 28.Nf6+ Bxf6 29.Bxf6 Re6
30.Rxe6 Qxe6 31.Qc3 a3 32.Re1 Qc4 33.Qe3 Qe6 34.Qc3 Qc4 35.Qd2 Qa6 36.Ba1 f6
37.Bd5+ Bxd5 38.Qxd5+ Kf8 39.Re6  1-0

[Event "Open"]
[Site "Marianske Lazne CZE"]
[Date "2008.01.25"]
[Round "8"]
[White "Senkyr,V"]
[Black "Neoral,A"]
[Result "0-1"]
[WhiteElo "2198"]
[BlackElo "2142"]

1.Nf3 Nf6 2.c4 g6 3.g3 Bg7 4.Bg2 O-O 5.O-O d6 6.Nc3 Nc6 7.Rb1 a5 8.a3 Bf5
9.d3 e5 10.b4 axb4 11.axb4 Rb8 12.b5 Nd4 13.Ne1 Bd7 14.Ba3 Qe7 15.e3 Ne6
16.Nc2 Rfc8 17.Re1 Nf8 18.Nb4 c6 19.Qb3 h5 20.Na4 c5 21.Nd5 Nxd5 22.Bxd5 Re8
23.Bb2 Bh3 24.Nc3 Nd7 25.Ra1 Nb6 26.Bh1 h4 27.Qc2 f5 28.Nd5 Nxd5 29.Bxd5+ Kh7
30.f3 Bf6 31.Qe2 hxg3 32.hxg3 Kg7 33.Kf2 g5 34.Ra7 Rh8 35.Rg1 g4 36.Ke1 Qc7
37.Kd2 Qd7 38.Rh1 Kg6 39.Kc2 Qc7 40.Qd2 Qe7 41.Re1 gxf3 42.Bxf3 Bg4 43.Qg2 Bxf3
44.Qxf3 Rh2+ 45.Re2 e4 46.dxe4 Qxe4+ 47.Qxe4 Rxe2+ 48.Kd1 fxe4 49.Bxf6 Rxe3
50.Be7 Rxg3 51.Ke2 Rd3  0-1

[Event "FINEC WGM"]
[Site "St Petersburg RUS"]
[Date "2008.01.25"]
[Round "2"]
[White "Molchanova,T"]
[Black "Eidelson,R"]
[Result "0-1"]
[WhiteElo "2365"]
[BlackElo "2184"]

1.Nf3 Nf6 2.c4 g6 3.g3 Bg7 4.Bg2 O-O 5.O-O d6 6.d4 Nbd7 7.Nc3 e5 8.e4 a6
9.h3 b5 10.cxb5 axb5 11.Re1 c6 12.dxe5 dxe5 13.Qd6 Bb7 14.Bg5 h6 15.Be3 Re8
16.Rad1 Bf8 17.Qd2 b4 18.Nb1 Kh7 19.g4 Qc7 20.Qc2 c5 21.Nbd2 Rac8 22.g5 Nh5
23.Nc4 Nf4 24.Bxf4 exf4 25.gxh6 Kxh6 26.Qd2 Nf6 27.e5 Nh5 28.Nd6 Red8 29.Nh4 Bxg2
30.Nxg2 Kh7 31.Re4 Rb8 32.Nxf4 Bh6 33.Nd5 Qxd6 34.Qxh6+ Kxh6 35.exd6 Rxd6
36.Ne3 Rxd1+ 37.Nxd1 Ra8 38.a3 bxa3 39.bxa3 Rxa3 40.Ne3 f5 41.Rc4 Ra5 42.Nd5 Kg7
43.Nb6 Nf6 44.Kg2 Rb5 45.Na4 Rb4  0-1

[Event "Winter Open"]
[Site "Belgrade SRB"]
[Date "2008.01.27"]
[Round "6"]
[White "Pucarevic,M"]
[Black "Kojovic,D"]
[Result "1/2-1/2"]
[WhiteElo "2227"]
[BlackElo "2444"]

1.Nf3 Nf6 2.c4 g6 3.g3 Bg7 4.Bg2 O-O 5.O-O d6 6.Nc3 c5 7.d3 Nc6 8.a3 e5 9.e3 h6
10.h3 Be6 11.e4 Qd7 12.Kh2 Ne8 13.Nd5 Bxd5 14.cxd5 Ne7 15.b4 b6 16.bxc5 bxc5
17.Rb1 Nc7 18.Be3 Kh7 19.Rb7 Nc8 20.Qd2 a5 21.Rfb1 Qd8 22.Qc2 a4 23.Bd2 Re8
24.Qc4 Re7 25.Rb8 Ra7 26.h4 Na6 27.R8b2 Ra8 28.Bh3 Rea7 29.Kg2 Qc7 30.h5 Ne7
31.hxg6+ fxg6 32.Be6 g5 33.Rb5 Qd8 34.Rb7 Nc7 35.Bg4 Kg6 36.R7b6 Bf6 37.R6b2 h5
38.Bf5+ Nxf5 39.exf5+ Kg7 40.Rh1 e4 41.Qxe4 g4 42.Rxh5 gxf3+ 43.Qxf3 Qg8
44.Bh6+ Kf7 45.Re2 Re8 46.Re6 Nxe6 47.dxe6+ Ke7 48.Bf4 Rc7 49.g4 Qg7 50.Bh6 Qg8
51.g5 Be5 52.Qg4 Kd8 53.Qxa4 Rb7 54.g6 Kc7  1/2-1/2

[Event "13th HIT Open A"]
[Site "Nova Gorica SLO"]
[Date "2008.01.27"]
[Round "3"]
[White "Srebrnic,V"]
[Black "Kokol,P"]
[Result "1-0"]
[WhiteElo "2218"]
[BlackElo "2254"]

1.Nf3 Nf6 2.c4 g6 3.g3 Bg7 4.Bg2 O-O 5.Nc3 d5 6.cxd5 Nxd5 7.Nxd5 Qxd5 8.O-O c5
9.d3 Nc6 10.a3 Qh5 11.Rb1 Rd8 12.Qa4 Bg4 13.Be3 Nd4 14.Bxd4 cxd4 15.Rbc1 Bd7
16.Qb4 Bc6 17.Rc5 Rd5 18.Rxd5 Qxd5 19.Rc1 Qd7 20.Ne1 Bxg2 21.Kxg2 Rc8 22.Rxc8+ Qxc8
23.Nf3 Qd7 24.Qc4 a6 25.a4 h6 26.h4 e5 27.Nd2 Kh7 28.b3 f5 29.Qc5 b5 30.a5 Qb7+
31.f3 Bf6 32.Qb6 Qe7 33.Qxa6 Qb4 34.Qxf6 Qxd2 35.Qxe5 Qxa5 36.Qxd4 Qa2 37.Qd7+  1-0

[Event "Winter Open"]
[Site "Belgrade SRB"]
[Date "2008.01.30"]
[Round "9"]
[White "Lisicic,N"]
[Black "Zivkovic,S"]
[Result "1/2-1/2"]
[WhiteElo "2157"]
[BlackElo "2309"]

1.c4 Nf6 2.Nf3 g6 3.g3 Bg7 4.Bg2 O-O 5.O-O d6 6.d4 Nc6 7.Nc3 a6 8.h3 Rb8
9.Be3 b5 10.Nd2 Bd7 11.Rc1 e5 12.dxe5 dxe5 13.cxb5 axb5 14.Nb3 b4 15.Nd5 Nxd5
16.Qxd5 Nd4 17.Nxd4 exd4 18.Bf4 Bb5  1/2-1/2

[Event "4th Open C Women"]
[Site "Moscow RUS"]
[Date "2008.02.05"]
[Round "4"]
[White "Danielian,E"]
[Black "Kuzevanova,E"]
[Result "1/2-1/2"]
[WhiteElo "2480"]
[BlackElo "2167"]

1.Nf3 Nf6 2.g3 g6 3.Bg2 Bg7 4.c4 O-O 5.d4 d5 6.cxd5 Nxd5 7.O-O Nb6 8.Nc3 Nc6
9.d5 Na5 10.Qc2 c6 11.dxc6 Nxc6 12.Rd1 Bd7 13.a4 a5 14.Bf4 Qe8 15.Nb5 Nb4
16.Qd2 Bxb5 17.axb5 e5 18.Bh6 Qxb5 19.Bxg7 Kxg7 20.Ng5 Nc6 21.Qd6 Nd4 22.Ne4 Rad8
23.Qf6+ Kg8 24.e3 Ne2+ 25.Kh1 Rxd1+ 26.Rxd1 Qxb2 27.Bf3 Na4 28.Ng5 e4 29.Nxe4 Qxf6
30.Nxf6+ Kg7 31.Nd7 Nec3 32.Rd4 Rd8 33.Bxb7 Nb2 34.Bc6 a4 35.Bxa4 Nbxa4 36.Kg2 Nb5
37.Rd5 Nc7 38.Rd4 Ne6 39.Rd5 Nac5 40.Nb6 Rxd5 41.Nxd5 Nd7 42.h3 Nf6 43.Nc3 Nc5
44.f4 Nfe4 45.Nd5 Nd3  1/2-1/2

[Event "KNSB TCh-NED 2007-8"]
[Site "Netherlands NED"]
[Date "2008.02.09"]
[Round "6"]
[White "Heemskerk,W"]
[Black "Pruijssers,R"]
[Result "0-1"]
[WhiteElo "2241"]
[BlackElo "2420"]

1.Nf3 Nf6 2.c4 g6 3.g3 Bg7 4.Bg2 O-O 5.O-O d6 6.Nc3 e5 7.d3 a5 8.Rb1 c6 9.a3 Nbd7
10.b4 axb4 11.axb4 d5 12.cxd5 cxd5 13.Nd2 Nb6 14.Bb2 Qe7 15.Ra1 Bd7 16.b5 Rxa1
17.Qxa1 Ra8 18.Qb1 Be6 19.Rc1 Nfd7 20.e4 d4 21.Nd5 Bxd5 22.exd5 Bh6 23.d6 Qxd6
24.Rd1 Qb4 25.Bc1 Qa4 26.Qb3 Nc5 27.Qxa4 Nbxa4 28.Ne4 Bxc1 29.Nxc5 Nxc5 30.Rxc1 Nxd3
31.Rd1 Nc5  0-1

[Event "10th TCh-Euro sen"]
[Site "Dresden GER"]
[Date "2008.02.14"]
[Round "4"]
[White "Dornieden,M"]
[Black "Stull,N"]
[Result "1-0"]
[WhiteElo "2264"]
[BlackElo "2184"]

1.c4 Nf6 2.Nf3 g6 3.g3 Bg7 4.Bg2 O-O 5.O-O d6 6.Nc3 Nc6 7.Rb1 a5 8.d3 e5
9.a3 h6 10.b4 axb4 11.axb4 Be6 12.b5 Ne7 13.Bb2 c6 14.Qc2 Nd7 15.Ra1 Qc7
16.Nd2 f5 17.Rfb1 Nc5 18.Nb3 Nxb3 19.Qxb3 f4 20.Ne4 Nf5 21.b6 Qd7 22.Ra7 Rxa7
23.bxa7 b5 24.Ra1 Ra8 25.Qa2 bxc4 26.dxc4 Nd4 27.Bc3 fxg3 28.hxg3 Nb5 29.Qd2 Nxc3
30.Nxc3 Rxa7 31.Rxa7 Qxa7 32.Qxd6 Bxc4 33.Qxc6 Qa1+ 34.Kh2 Qxc3 35.Bd5+ Kh7
36.Bxc4 Qd4 37.e3 Qd8 38.Qe6 h5 39.Kg2 Qf6 40.Qg8+ Kh6 41.Bd5 Qf8 42.Qe6 Qf6
43.Qc8 Qf8 44.Qc4 Qf6 45.Be4 Qg5 46.Qe6 Qg4 47.Qd5 Qg5 48.Qd1 Qg4 49.f3 Qg5
50.Qd2 Kh7 51.Qc1 Bh6 52.Qc6 Bg7 53.Qc5 Qf6 54.Qc2 Bh6 55.Qb3 Bg7 56.Bb1 Qd6
57.Qc2 Qb6 58.Qe4 Qd6 59.Bd3 Qf6 60.f4 exf4 61.gxf4 Kh6 62.Kh3 Bf8 63.Kg3 Be7
64.Kf3 Bd6 65.Qe8 Kg7 66.Bc4 Kh6 67.Qg8 Bf8 68.Bd3 Bg7 69.Qd5 Qh4 70.Be4 Bf6
71.Qe6 Qe1 72.Qxf6 Qf1+ 73.Kg3 Qg1+ 74.Bg2 Qxe3+ 75.Kh2 Kh7 76.Qe5 Qf2 77.Kh3 Qg1
78.f5 gxf5 79.Qxf5+ Kh8 80.Qf8+ Kh7  1-0

[Event "Stillwater Winter FIDE"]
[Site "Oklahoma USA"]
[Date "2008.02.18"]
[Round "6"]
[White "Donaldson,J"]
[Black "Nugent,M"]
[Result "1-0"]
[WhiteElo "2420"]
[BlackElo "1915"]

1.Nf3 Nf6 2.c4 g6 3.g3 Bg7 4.Bg2 O-O 5.d4 d6 6.O-O Nbd7 7.Nc3 c6 8.e4 Qa5
9.Re1 e5 10.h3 Nb6 11.Bf1 Be6 12.d5 cxd5 13.cxd5 Bd7 14.Bd2 Qc5 15.Rc1 Nc4
16.Bg5 Nxb2 17.Qb3 Qb6 18.Rb1 Qxb3 19.axb3 Rfc8 20.Bd2 Nd3 21.Bxd3 Bxh3 22.Rbc1 Ne8
23.Rc2 Bd7 24.Rec1 Rc7 25.Be3 Nf6 26.Nh2 h5 27.f3 Kh7 28.Nb5 Rxc2 29.Rxc2 Bxb5
30.Bxb5 a6 31.Bd3 Ne8 32.Nf1 Bf6 33.Nd2 b5 34.Rc6 Kg7 35.Bb6 Be7 36.b4 f6
37.Nb3 Kf7 38.Kf2 g5 39.Nd2 h4 40.gxh4 gxh4 41.Bf1 Kg6 42.Bh3 Kg5 43.Rc8 Rxc8
44.Bxc8 Ng7 45.Be3+ Kg6 46.Bxa6 f5 47.Bxb5 f4 48.Ba7 Kf7 49.Bd7  1-0

[Event "XXIV Open"]
[Site "Cappelle La Grande FRA"]
[Date "2008.02.19"]
[Round "5"]
[White "Chapman,T"]
[Black "Llaneza Vega,M"]
[Result "1/2-1/2"]
[WhiteElo "2219"]
[BlackElo "2445"]

1.Nf3 Nf6 2.c4 g6 3.g3 Bg7 4.Bg2 O-O 5.O-O d6 6.Nc3 c6 7.Rb1 d5 8.b3 Re8
9.d3 e5 10.e4 Na6 11.cxd5 cxd5 12.Bg5 d4 13.Nd5 Be6 14.Nd2 Bxd5 15.exd5 h6
16.Bxf6 Qxf6 17.b4 Rac8 18.Qa4 Rb8 19.Rfc1 Bf8 20.a3 b5 21.Qb3 Rb6 22.Rc2 Qd8
23.Rbc1 Bd6 24.Ne4 f5 25.Nc5 Nc7 26.h4 Kh7 27.Ra2 g5 28.hxg5 Qxg5 29.Qd1 Re7
30.Rac2 h5 31.Qf3 Kg6 32.Ne6 Nxe6 33.dxe6 Rxe6 34.Rc8 Rb8 35.R1c6 Rxc8 36.Rxc8 Kh7
37.Qa8 Qg7 38.Bd5 Rg6 39.Rg8 Qf6 40.Qxa7+ Kh6 41.Qf7 Qxf7 42.Bxf7 Rf6 43.Be8 Bf8
44.Rh8+ Kg7 45.Rxh5 e4 46.Bxb5 Bd6 47.g4 fxg4 48.dxe4 Rf3 49.Rd5 Bb8 50.e5 g3
51.fxg3 Rxg3+ 52.Kf1 Rf3+ 53.Kg2 Re3 54.Rd7+ Kg6 55.Rxd4 Bxe5 56.Rd5 Kf6
57.Bd3 Ke6 58.Bc4 Kf5 59.Rd3 Rxd3 60.Bxd3+ Ke6 61.Kf3 Bb2 62.a4 Bc3 63.b5 Kd6
64.Ke4 Kc5 65.Bc2 Kb6 66.Kd5 Ka5  1/2-1/2

[Event "XXIV Open"]
[Site "Cappelle La Grande FRA"]
[Date "2008.02.20"]
[Round "6"]
[White "Frois,A"]
[Black "Salomon,D"]
[Result "1-0"]
[WhiteElo "2368"]
[BlackElo "2108"]

1.Nf3 Nf6 2.c4 g6 3.g3 Bg7 4.Bg2 O-O 5.O-O d6 6.d4 Bd7 7.Nc3 Qc8 8.Re1 Bh3
9.e4 Bxg2 10.Kxg2 Nc6 11.h3 e5 12.d5 Ne7 13.Be3 Nh5 14.c5 h6 15.Nh4 Kh7 16.Rc1 Qd7
17.Qa4 Qd8 18.cxd6 cxd6 19.Nb5 f5 20.Nc7 f4 21.Bd2 Rc8 22.Ne6 Qb6 23.Nxf8+ Rxf8
24.Qb4 Qa6 25.g4 Nf6 26.Rc7 f3+ 27.Nxf3 Nfxd5 28.exd5 Nxd5 29.Rxg7+ Kxg7
30.Qe4 Nf6 31.Qe3 g5 32.Qb3 Rf7 33.a3 Qc6 34.Rc1 Qd7 35.Qc4 Ne8 36.Qc8 Qa4
37.Qc4 Qd7 38.Nh2 Qd8 39.Qc8 Qe7 40.Nf1 d5 41.Ng3 Nd6 42.Qc5 Qe6 43.Bb4 Ne8
44.Nh5+ Kh7 45.Qc8 Qb6 46.Qc2+ e4 47.Qc5 Qe6 48.Bc3 Rf3 49.Bd4 Rf7 50.Qc8 Qe7
51.Ng3 e3 52.Qc2+ Kg8 53.Qg6+ Ng7 54.Rc8+  1-0

[Event "XXIV Open"]
[Site "Cappelle La Grande FRA"]
[Date "2008.02.21"]
[Round "7"]
[White "Vul,A"]
[Black "Gutman,G"]
[Result "1/2-1/2"]
[WhiteElo "2337"]
[BlackElo "2496"]

1.Nf3 Nf6 2.c4 g6 3.g3 Bg7 4.Bg2 O-O 5.d4 d6 6.O-O Nbd7 7.Nc3 e5 8.e4 c6
9.h3 Qa5 10.Re1 exd4 11.Nxd4 Ne5 12.Bf1 Re8 13.Be3 Be6 14.Nxe6 Rxe6 15.Kg2 Rae8
16.Qb3 Qc7 17.Rad1 a6 18.f3 h5 19.h4 b5 20.c5 dxc5 21.Bxc5 Nfd7 22.Bf2 Bf8
23.Ne2 Rf6 24.Nf4 Bc5 25.Bxc5 Nxc5 26.Qc3 Qe7 27.b4 Nb7 28.Be2 a5 29.a3 axb4
30.axb4 Nd6 31.Nd3 Nd7  1/2-1/2

[Event "XI Open"]
[Site "Malaga ESP"]
[Date "2008.02.24"]
[Round "2"]
[White "Matamoros Franco,C"]
[Black "Terron Elena,F"]
[Result "1-0"]
[WhiteElo "2529"]
[BlackElo "2272"]

1.Nf3 Nf6 2.c4 g6 3.g3 Bg7 4.Bg2 O-O 5.O-O d6 6.d4 Nbd7 7.Nc3 e5 8.e4 a6
9.h3 b5 10.Qc2 c6 11.dxe5 dxe5 12.Be3 Qe7 13.Rfd1 Bb7 14.a3 Rfc8 15.Rac1 Qf8
16.Qe2 h5 17.Rc2 Qe7 18.Rcd2 Rc7 19.b4 a5 20.c5 axb4 21.axb4 Ra3 22.Rd3 Rc8
23.Nd5 cxd5 24.Rxa3 Nxe4 25.Qxb5 Bc6 26.Qe2 Rb8 27.Qe1 d4 28.Bxd4 exd4 29.Nxd4 Bxd4
30.Rxd4 Qe5 31.Rxe4 Bxe4 32.Qxe4 Qxe4 33.Bxe4 Rxb4 34.c6 Nb6 35.Bf3 Kf8 36.Ra7 Rb1+
37.Kg2 Rc1 38.Rb7 Nc4 39.Bd5 Ne5 40.f4 Nxc6 41.Rxf7+ Ke8 42.Rc7 Rc2+ 43.Kf1  1-0

[Event "TCh-HUN 2007-8"]
[Site "Budapest HUN"]
[Date "2008.03.02"]
[Round "7"]
[White "Hera,I"]
[Black "Popovic,Du"]
[Result "1/2-1/2"]
[WhiteElo "2544"]
[BlackElo "2552"]

1.Nf3 Nf6 2.c4 g6 3.g3 Bg7 4.Bg2 O-O 5.O-O d6 6.d4 c6 7.Nc3 Qa5 8.h3 e5 9.e4 Nbd7
10.Re1 exd4 11.Nxd4 Ne5 12.Bf1 Re8 13.Be3 c5 14.Nb3 Qb4 15.Bd2 Qb6 16.f4 Nc6
17.Be3 Bf8 18.Bf2 a5 19.Na4 Qc7 20.Nd2 Nd4 21.Nc3 Bd7 22.Nf3 Nxf3+ 23.Qxf3 Bc6
24.g4 Bg7 25.Qd3 Rad8 26.Bg2 Nd7 27.Rad1 Nf8 28.Bh4 Rc8 29.b3 a4 30.Ne2 Ra8
31.f5 Be5 32.Bg3 axb3 33.axb3 Ra3 34.Bxe5 dxe5 35.Qe3 Qe7 36.Nc3 Qh4 37.Nd5 Bxd5
38.exd5 gxf5 39.gxf5 Nd7 40.Rd3 Kh8 41.Qf2 Qxf2+  1/2-1/2

[Event "FSGM March"]
[Site "Budapest HUN"]
[Date "2008.03.09"]
[Round "8"]
[White "Wang Puchen"]
[Black "Antal,Ge"]
[Result "1-0"]
[WhiteElo "2383"]
[BlackElo "2467"]

1.c4 Nf6 2.Nf3 g6 3.g3 Bg7 4.Bg2 O-O 5.O-O d5 6.d4 dxc4 7.Na3 c3 8.bxc3 c5
9.Nc4 Nc6 10.Nce5 Nxe5 11.Nxe5 Nd5 12.Bd2 Nb6 13.dxc5 Bxe5 14.cxb6 axb6 15.Be3 Qc7
16.Bd4 Be6 17.Qd2 Rfd8 18.Qb2 Bxd4 19.cxd4 Ra4 20.e3 Bc4 21.Rfc1 Rc8 22.Bh3 e6
23.d5 b5 24.dxe6 f5 25.e4 fxe4 26.e7 Raa8 27.Be6+  1-0

[Event "TCh-AUT 1st Bundesliga 2007-8"]
[Site "Graz AUT"]
[Date "2008.03.16"]
[Round "11"]
[White "Lipka,J"]
[Black "Schweda,R"]
[Result "1/2-1/2"]
[WhiteElo "2438"]
[BlackElo "2418"]

1.Nf3 Nf6 2.c4 g6 3.g3 Bg7 4.Bg2 O-O 5.O-O d6 6.d4 a6 7.Nc3 c6 8.d5 e6 9.dxc6 Nxc6
10.Bf4 d5 11.cxd5 Nxd5 12.Bd2 Nxc3 13.Bxc3 Bxc3 14.bxc3 Qc7 15.h4 e5 16.Ng5  1/2-1/2

[Event "Palace Hotel Open"]
[Site "Heviz HUN"]
[Date "2008.03.21"]
[Round "2"]
[White "Lazar,An"]
[Black "Valenta,V jr"]
[Result "0-1"]
[WhiteElo "2111"]
[BlackElo "2202"]

1.Nf3 Nf6 2.g3 g6 3.Bg2 Bg7 4.c4 O-O 5.O-O d6 6.d4 Nbd7 7.Nc3 e5 8.e4 Re8
9.d5 Nc5 10.Qc2 a5 11.Be3 Bd7 12.Rfe1 b6 13.b3 Ng4 14.Bg5 f6 15.Bd2 f5 16.Bg5 Nf6
17.Nh4 Qc8 18.Rad1 fxe4 19.Nxe4 Nfxe4 20.Bxe4 Nxe4 21.Qxe4 Rf8 22.Qe3 Rf7
23.Rd2 Qf8 24.Qe2 Re8 25.Qd3 Bg4 26.Kg2 Bh5 27.h3 h6 28.Be3 e4 29.Qc2 g5
30.g4 gxh4 31.gxh5 Rf3 32.Bd4 Bxd4  0-1

[Event "Spring Open"]
[Site "Belgrade SCG"]
[Date "2008.03.27"]
[Round "3"]
[White "Kosovac,M"]
[Black "Simic,St"]
[Result "1-0"]
[WhiteElo "2035"]
[BlackElo "1796"]

1.Nf3 Nf6 2.c4 g6 3.g3 Bg7 4.Bg2 O-O 5.Nc3 c5 6.O-O Nc6 7.d4 cxd4 8.Nxd4 a6
9.e3 d6 10.Nxc6 bxc6 11.Bxc6 Rb8 12.Qa4 Bh3 13.Re1 Qc7 14.Bf3 Qb6 15.Qc2 Rfc8
16.b3 h5 17.Bd2 g5 18.Rad1 g4 19.Bh1 e6 20.e4 Nd7 21.Be3 Qc7 22.Ne2 Nc5 23.Nf4 h4
24.Nh5 Be5 25.Bf4 d5 26.exd5 Bxf4 27.Nxf4 hxg3 28.hxg3 e5 29.d6 Qa7 30.Rxe5 f6
31.Re7  1-0

[Event "ITT Cinco Soles"]
[Site "Pinamar ARG"]
[Date "2008.03.29"]
[Round "5"]
[White "Fusco,L"]
[Black "Barrionuevo,P"]
[Result "1/2-1/2"]
[WhiteElo "2313"]
[BlackElo "2373"]

1.c4 Nf6 2.g3 g6 3.Bg2 Bg7 4.Nf3 O-O 5.O-O c5 6.Nc3 Nc6 7.d4 cxd4 8.Nxd4 Nxd4
9.Qxd4 d6 10.Qd3 Be6  1/2-1/2

[Event "67th ch-GEO KO"]
[Site "Tbilisi GEO"]
[Date "2008.03.29"]
[Round "5.2"]
[White "Pantsulaia,L"]
[Black "Margvelashvili,G"]
[Result "1-0"]
[WhiteElo "2629"]
[BlackElo "2455"]

1.Nf3 Nf6 2.c4 g6 3.g3 Bg7 4.Bg2 O-O 5.O-O c6 6.Qc2 d6 7.d3 e5 8.c5 Re8 9.cxd6 Qxd6
10.Nbd2 Nbd7 11.b3 Qe7 12.Bb2 e4 13.dxe4 Nxe4 14.Bxg7 Kxg7 15.Nxe4 Qxe4 16.Qc3+ Nf6
17.Rad1 Qe7 18.e4 Bg4 19.Rfe1 Bxf3 20.Bxf3 Qe5 21.Qe3 h5 22.Bg2 Ng4 23.Qd4 Qxd4
24.Rxd4 Rad8 25.Red1 Rxd4 26.Rxd4 Re7 27.f4 c5 28.Rd3 b5 29.h3 Nh6 30.Kf2 Rc7
31.Ke3 Ng8 32.Bf1 Ne7 33.Rc3 b4 34.Rc2 Nc8 35.g4 hxg4 36.hxg4 Nb6 37.g5 Rc8
38.Kf3 a5 39.Bb5 Rc7 40.f5 f6 41.e5 fxe5 42.f6+ Kf7 43.Ke4 c4 44.bxc4 a4
45.Kd3 Rc5 46.Rb2 b3 47.axb3 axb3 48.Rxb3 e4+ 49.Kd4 Rxg5 50.Bc6 Nc8 51.Bd7 Nd6
52.c5 Nf5+ 53.Bxf5 gxf5 54.c6 Rg8 55.Ke5 e3 56.Kxf5 Rc8 57.Rb7+ Kg8 58.Kg6 e2
59.Re7  1-0

[Event "3rd Open"]
[Site "Kolkata IND"]
[Date "2008.03.30"]
[Round "7"]
[White "Adly,A"]
[Black "Barbosa,O PHI"]
[Result "1-0"]
[WhiteElo "2551"]
[BlackElo "2410"]

1.Nf3 Nf6 2.c4 g6 3.g3 Bg7 4.Bg2 O-O 5.d4 c6 6.O-O d6 7.Nc3 Qa5 8.Qd2 Qh5
9.Qg5 Qxg5 10.Bxg5 Nbd7 11.h3 Re8 12.Rfd1 h6 13.Be3 a6 14.b4 d5 15.Ne5 e6
16.f4 Nxe5 17.dxe5 Nd7 18.Rac1 Bf8 19.cxd5 exd5 20.Bxd5 Bxb4 21.Bb3 Bxc3
22.e6 fxe6 23.Rxc3 Kg7 24.Rcd3 Re7 25.Rd6 e5 26.f5 Nf6 27.Rxf6 Kxf6 28.Rd6+  1-0

[Event "TCh-RUS Major League"]
[Site "Dagomys RUS"]
[Date "2008.04.03"]
[Round "1"]
[White "Pigusov,E"]
[Black "Ajrapetian,G"]
[Result "1-0"]
[WhiteElo "2554"]
[BlackElo "2368"]

1.Nf3 Nf6 2.c4 g6 3.g3 Bg7 4.Bg2 O-O 5.O-O d6 6.d4 Nbd7 7.Nc3 e5 8.e4 c6
9.b3 Re8 10.Re1 a5 11.h3 exd4 12.Nxd4 Nc5 13.Rb1 Qb6 14.Be3 Bd7 15.a3 Qc7
16.Bf4 Nh5 17.Be3 Nf6 18.Qc2 Rad8 19.b4 axb4 20.axb4 Ne6 21.Nde2 Qc8 22.Na4 Nc7
23.Nb6 Qb8 24.Red1 Bc8 25.Nc3 Ne6 26.Rd2 h5 27.Rbd1 h4 28.g4 g5 29.Ne2 Nh7
30.Nd4 Nxd4 31.Bxd4 Be6 32.Be3 Be5 33.Rd3 Qc7 34.Qd2 Rb8 35.c5 dxc5 36.bxc5 Bf4
37.Rd6 Bxe3 38.Qxe3 Qe7 39.e5 Qf8 40.Be4 Qg7 41.Bxh7+ Kxh7 42.Qd4 Kh8 43.Rd3 Qg6
44.Kh2 Qg7 45.Rf3 Kg8 46.Rf6 Kh8 47.f4 gxf4 48.Qxf4 Kg8 49.Rh6 Rbd8 50.Rh5 Kf8
51.Rxh4 Rxd6 52.cxd6 c5 53.Rh6 Kg8 54.Rh5 Kf8 55.Qe3 c4 56.d7 Rd8 57.Qc5+ Kg8
58.Qe7 Qf8 59.Qg5+  1-0

[Event "TCh-RUS w"]
[Site "Dagomys RUS"]
[Date "2008.04.04"]
[Round "3"]
[White "Kharashuta,E"]
[Black "Pogonina,N"]
[Result "0-1"]
[WhiteElo "2194"]
[BlackElo "2471"]

1.Nf3 Nf6 2.c4 g6 3.g3 Bg7 4.Bg2 O-O 5.O-O d5 6.cxd5 Nxd5 7.d4 c6 8.e4 Nb6
9.h3 Na6 10.Nc3 Nc7 11.Qd3 e5 12.Rd1 exd4 13.Nxd4 Ne6 14.Be3 Qe7 15.Qe2 Rd8
16.Nb3 Bd7 17.f4 Be8 18.f5 Nf8 19.g4 h6 20.Bc5 Qc7 21.a4 Be5 22.a5 Nbd7 23.Be7 Rdc8
24.Qe3 g5 25.h4 Bf4 26.Qd3 Nh7 27.Ne2 Be5 28.hxg5 hxg5 29.Kf2 Ndf8 30.f6 Ng6
31.Rh1 Nxf6 32.Bxf6 Bxf6 33.Qh3 Kf8 34.Qh6+ Bg7 35.Qxg5 Qe5 36.Qe3 Bd7 37.Bf3 c5
38.Rh5 Qxb2 39.Rxc5 Rxc5 40.Qxc5+ Kg8 41.Qe3 Be6  0-1

[Event "Mediana"]
[Site "Nis SRB"]
[Date "2008.04.14"]
[Round "3"]
[White "Bogosavljevic,B"]
[Black "Milchev,N"]
[Result "1-0"]
[WhiteElo "2492"]
[BlackElo "2415"]

1.Nf3 Nf6 2.c4 g6 3.g3 Bg7 4.Bg2 O-O 5.O-O d6 6.d4 Nc6 7.Nc3 a6 8.b3 Rb8
9.Nd5 Bg4 10.Bb2 Qd7 11.Re1 Rbe8 12.Ne3 Bh3 13.Bh1 Ng4 14.Nd5 Nf6 15.Ng5 Bg4
16.Qd2 h6 17.Nxf6+ Bxf6 18.Ne4 Bg7 19.d5 Nd8 20.Bxg7 Kxg7 21.f3 Bf5 22.Nf2 g5
23.e4 Bg6 24.f4 gxf4 25.gxf4 e6 26.Bf3 f5 27.Kh1 fxe4 28.Bxe4 Bxe4+ 29.Rxe4 Qf7
30.Rg1+ Kh7 31.dxe6 Rxe6 32.Qe2 Qf5 33.Re1 Rg6 34.Re7+ Rf7 35.Rxf7+ Nxf7
36.Qe4 Qxe4+ 37.Rxe4 Nd8 38.Re7+ Rg7 39.Rxg7+ Kxg7 40.Kg2 Kf6 41.Kf3 Nc6
42.Kg4 Ne7 43.Ne4+ Kg6 44.Ng3 d5 45.f5+ Kf6 46.Kf4 d4 47.Ne4+ Kf7 48.Nc5 b6
49.Nxa6 c5 50.Nc7 d3 51.Ke3 Nxf5+ 52.Kxd3 Nd6 53.Nd5 Nc8 54.Ke4 b5 55.cxb5 Nd6+
56.Kd3  1-0

[Event "4th Open"]
[Site "Rhone FRA"]
[Date "2008.04.15"]
[Round "5"]
[White "Rodriguez,JP1"]
[Black "Safranska,A"]
[Result "0-1"]
[WhiteElo "1960"]
[BlackElo "2299"]

1.c4 g6 2.g3 Bg7 3.Bg2 Nf6 4.Nf3 O-O 5.Nc3 d6 6.O-O Nc6 7.d4 Rb8 8.h3 Bd7
9.e4 Qc8 10.Kh2 e5 11.Be3 exd4 12.Nxd4 Ne5 13.b3 a6 14.Rc1 Re8 15.Qd2 c5
16.Nde2 Bxh3 17.Qxd6 Nfg4+ 18.Kg1 Nxe3 19.fxe3 Bxg2 20.Kxg2 h5 21.Rcd1 Re6
22.Qd2 b5 23.cxb5 axb5 24.Nd5 Qb7 25.Nec3 Ng4 26.Qd3 c4 27.bxc4 bxc4 28.Qxc4 Qb2+
29.Ne2 Ne5 30.Qc7 Qxe2+ 31.Rf2 Qxd1 32.Qxb8+ Kh7 33.Qd8 Qd3 34.Qh4 Ng4 35.Rf4 Rxe4
36.Rxg4 Qe2+ 37.Kg1 Rxg4  0-1

[Event "Mediana"]
[Site "Nis SRB"]
[Date "2008.04.17"]
[Round "7"]
[White "Bogosavljevic,B"]
[Black "Martinovic,Sl"]
[Result "1-0"]
[WhiteElo "2492"]
[BlackElo "2449"]

1.Nf3 Nf6 2.c4 g6 3.g3 Bg7 4.Bg2 O-O 5.O-O d6 6.d4 c6 7.Nc3 Bf5 8.Ne1 Qc8
9.e4 Bh3 10.f3 Bxg2 11.Kxg2 Nbd7 12.Be3 a6 13.a4 a5 14.Nd3 Ne8 15.Qd2 Nc7
16.Rad1 b5 17.cxb5 cxb5 18.Rc1 Qb7 19.Nf4 e6 20.d5 b4 21.Nb5 Nxb5 22.dxe6 Nc5
23.Bxc5 dxc5 24.axb5 Qxb5 25.e7 Rfe8 26.Nd5 Rac8 27.b3 c4 28.bxc4 Rxc4 29.Nc7 Rxc7
30.Rxc7 Bc3 31.Qd8 f6 32.Rc5  1-0

[Event "Mediana"]
[Site "Nis SRB"]
[Date "2008.04.18"]
[Round "9"]
[White "Bogosavljevic,B"]
[Black "Miljkovic,Mir1"]
[Result "1-0"]
[WhiteElo "2492"]
[BlackElo "2418"]

1.Nf3 Nf6 2.c4 g6 3.g3 Bg7 4.Bg2 O-O 5.O-O d6 6.d4 Nc6 7.Nc3 a6 8.b3 Rb8
9.Nd5 e6 10.Nxf6+ Qxf6 11.Bg5 Qf5 12.Qd2 Nxd4 13.Nxd4 Bxd4 14.Qxd4 Qxg5 15.Qa7 Bd7
16.Bxb7 a5 17.Bf3 Qc5 18.Qxc5 dxc5 19.Rfd1 Rfd8 20.Rd3 Kf8 21.Re3 f6 22.Rd1 Ke7
23.Rd5 a4 24.Rxc5 axb3 25.axb3 c6 26.Rd3 Be8 27.Rc3 Rd1+ 28.Kg2 Rb1 29.Bxc6 Bxc6+
30.Rxc6 R1xb3 31.Rxb3 Rxb3 32.Rc7+ Kd6 33.Rxh7  1-0